00414nam a2200145Ia 4500008004100000082001200041082000800053245004500061245001700106260001700123300000900140942000800149999001900157952009200176231017s9999 xx 000 0 und d a620.137 bHAN 0aCorrosion of Reinforced Bars in Concrete 0cC.M. Hansson bC.M. Hansson c30cm cREP c604010d604010 00104070aNITbNITd2023-10-17l0o620.137 HANpNIT-3206r2023-10-17w2023-10-17yREP